000 00627nam a2200241Ia 4500
003 OSt
005 20221005122942.0
006 a|||||r|||| 00| 0
007 ta
008 221004b |||||||| |||| 00| 0 eng d
024 _a44068
037 _cTextual
040 _aCRL
_cCRL
_beng
041 _2eng
_aeng
082 _aO15:9x8:1:7, G3
245 0 _aKavya pradipa comm by Vaidyanatha Tatsat ed by Durgaprasada and W L S Panikar
250 _a3rd
260 _c1933
490 _aKavyamala; 24
650 _aSANSKRIT LITERATURE
942 _hO15:9x8:1:7, G3
_cTEXL
_2cc
999 _c1045875
_d1045875